000 01304cam a2200349 a 4500
999 _c19546
_d19546
001 2582670
003 BDDh-ASL
005 20231015025804.0
008 960827t19971996cau b 001 0 eng d
010 _a 96069671
020 _a0804728690 (hbk.)
020 _a0804728704 (pbk.)
035 _a(OCoLC)36586547
040 _aMWiW
_cMWiW
_dBDDh-ASL
_dOCoLC
_dDLC
042 _alccopycat
050 0 0 _aH61
_b.A54 1997
082 0 0 _a300
_221
_bALG
100 1 _aAlbrow, Martin.
245 1 4 _aThe global age :
_bstate and society beyond modernity /
_cMartin Albrow.
260 _aStanford, Calif. :
_bStanford University Press,
_c1997, c1996.
300 _aix, 246 p. ;
_c24 cm.
500 _aOriginally published: Cambridge, UK : Polity Press, c1996.
504 _aIncludes bibliographical references (p. [221]-230) and index.
650 0 _aSocial sciences
_xPhilosophy.
650 0 _aInternational relations.
650 0 _aSociology.
856 4 2 _3Contributor biographical information
_uhttp://www.loc.gov/catdir/enhancements/fy0710/96069671-b.html
856 4 2 _3Publisher description
_uhttp://www.loc.gov/catdir/enhancements/fy0710/96069671-d.html
906 _a7
_bcbc
_ccopycat
_d2
_eopcn
_f19
_gy-gencatlg
942 _2ddc
_cBK